000 00702nam a2200205Ia 4500
003 GCL
008 140319s9999 xx 000 0 ara d
040 _aGCL /
_cGCL
082 0 4 _a276.18
_bع ا
100 1 _aعبداللطيف المناوى
245 1 0 _aالاقباط الكنيسة ام الوطن: تحصة البابا شنودة الثالث /
_cعبداللطيف المناوى
700 1 _aفهمى هويدى (تقديم)
260 _a[S.N] :
_bدار الشباب للنشر ،
_c1992
300 _a281
490 _a
650 0 4 _aالكنيسة والدولة
650 0 4 _aالكنيسة والمشاكل الاجتماعية
650 0 4 _aالاقباط
942 _2ddc
_cBK
999 _c45174
_d45174